<?xml version="1.0" encoding="UTF-8"?><?xml-stylesheet type="text/xsl" href="static/style.xsl"?><OAI-PMH xmlns="http://www.openarchives.org/OAI/2.0/" xmlns:xsi="http://www.w3.org/2001/XMLSchema-instance" xsi:schemaLocation="http://www.openarchives.org/OAI/2.0/ http://www.openarchives.org/OAI/2.0/OAI-PMH.xsd"><responseDate>2026-05-14T00:35:23Z</responseDate><request verb="GetRecord" identifier="oai:repisalud.isciii.es:20.500.12105/8718" metadataPrefix="marc">https://repisalud.isciii.es/rest/oai/request</request><GetRecord><record><header><identifier>oai:repisalud.isciii.es:20.500.12105/8718</identifier><datestamp>2025-06-03T07:55:22Z</datestamp><setSpec>com_20.500.12105_2405</setSpec><setSpec>com_20.500.12105_2403</setSpec><setSpec>col_20.500.12105_2413</setSpec></header><metadata><record xmlns="http://www.loc.gov/MARC21/slim" xmlns:dcterms="http://purl.org/dc/terms/" xmlns:doc="http://www.lyncode.com/xoai" xmlns:xsi="http://www.w3.org/2001/XMLSchema-instance" xsi:schemaLocation="http://www.loc.gov/MARC21/slim http://www.loc.gov/standards/marcxml/schema/MARC21slim.xsd">
   <leader>00925njm 22002777a 4500</leader>
   <datafield ind2=" " ind1=" " tag="042">
      <subfield code="a">dc</subfield>
   </datafield>
   <datafield ind2=" " ind1=" " tag="720">
      <subfield code="a">Najera-Morrondo, Rafael</subfield>
      <subfield code="e">author</subfield>
   </datafield>
   <datafield ind2=" " ind1=" " tag="260">
      <subfield code="c">2019</subfield>
   </datafield>
   <datafield ind2=" " ind1=" " tag="520">
      <subfield code="a">Fruto de su profundo conocimiento de la historia de la Salud Pública y del desarrollo de la virología en España, y también de su experiencia como primer director del Instituto de Salud Carlos III (ISCIII), el profesor Rafael Nájera nos regala un libro con un indudable valor académico, pero que además transmite en muchos de sus pasajes la emoción y sinceridad de los relatos que se cuentan en primera persona. Profundizar en el marco científico y sanitario en el que se encontraba España al inicio de nuestra democracia es imprescindible para comprender las acuciantes necesidades del momento, pero resulta aún más interesante conocer los pensamientos y las ideas de las personas que tuvieron la imaginación, la valentía y la dedicación para buscar las respuestas necesarias. El profesor Rafael Nájera es una de esas personas excepcionales; capaces de crear una institución de enorme complejidad funcional y estructural, incorporando en el proyecto estrategia global, innovación y visión internacional. Leyendo este libro, resulta inevitable reflexionar sobre el poder transformador que tiene la política cuando resuena en la misma frecuencia que la ciencia y la medicina. Recordando el proyecto de los primeros arquitectos del Instituto de Salud Carlos III seguiremos construyendo de forma colaborativa, con sincera gratitud a todos los que lo hicieron posible.</subfield>
   </datafield>
   <datafield ind1="8" ind2=" " tag="024">
      <subfield code="a">El Instituto de Salud Carlos III en el marco de la evolución de la Salud Pública. Madrid: Instituto de Salud Carlos III; 2019</subfield>
   </datafield>
   <datafield ind1="8" ind2=" " tag="024">
      <subfield code="a">10.4321/repisalud.8718</subfield>
   </datafield>
   <datafield ind1="8" ind2=" " tag="024">
      <subfield code="a">695190043</subfield>
   </datafield>
   <datafield ind1="8" ind2=" " tag="024">
      <subfield code="a">695190038</subfield>
   </datafield>
   <datafield ind1="8" ind2=" " tag="024">
      <subfield code="a">http://hdl.handle.net/20.500.12105/8718</subfield>
   </datafield>
   <datafield ind2="0" ind1="0" tag="245">
      <subfield code="a">El Instituto de Salud Carlos III en el marco de la evolución de la Salud Pública</subfield>
   </datafield>
</record></metadata></record></GetRecord></OAI-PMH>